Dork diaries: party time (Record no. 9171)

MARC details
000 -LEADER
fixed length control field 00816nam a22002057a 4500
003 - CONTROL NUMBER IDENTIFIER
control field OSt
005 - DATE AND TIME OF LATEST TRANSACTION
control field 20260317001104.0
008 - FIXED-LENGTH DATA ELEMENTS--GENERAL INFORMATION
fixed length control field 260316b |||||||| |||| 00| 0 eng d
020 ## - INTERNATIONAL STANDARD BOOK NUMBER
International Standard Book Number 978-1-84738-742-4
040 ## - CATALOGING SOURCE
Original cataloging agency DWCL GS lib
Transcribing agency OC
100 ## - MAIN ENTRY--PERSONAL NAME
Personal name RUSSELL, RACHEL RENEE
245 ## - TITLE STATEMENT
Title Dork diaries: party time
Statement of responsibility, etc. RUSSELL, RACHEL RENEE
260 ## - PUBLICATION, DISTRIBUTION, ETC.
Place of publication, distribution, etc. Great Britain
Name of publisher, distributor, etc. Simon and Schuster
Date of publication, distribution, etc. 2010
300 ## - PHYSICAL DESCRIPTION
Extent vii, 279 pages
Dimensions 20cm.
520 ## - SUMMARY, ETC.
Summary, etc. In Dork Diaries: Tales from a Not-So-Popular Party Girl (Book 2), Nikki Maxwell deals with heartbreak when her nemesis, MacKenzie, lies about attending the Halloween dance with Nikki’s crush, Brandon.
546 ## - LANGUAGE NOTE
Language note English
650 ## - SUBJECT ADDED ENTRY--TOPICAL TERM
Source of heading or term diary fiction.
650 ## - SUBJECT ADDED ENTRY--TOPICAL TERM
Source of heading or term friendship, loyalty, and the importance of being true to oneself,
942 ## - ADDED ENTRY ELEMENTS (KOHA)
Source of classification or shelving scheme Dewey Decimal Classification
Koha item type Fiction
Classification part Fic.
Suppress in OPAC No

No items available.